00637nam a2200193Ia 4500008004100000020001400041082001500055100002000070245005700090250000800147260003900155300003000194500001900224600003300243650001600276942000700292952012900299999001500428240925s9999 xx 000 0 und d a534931588 a515.35 ZIL aZill ,Dennis G. 0aDifferential Equation: with Boundary- Value Problems a2nd aBoston:bPWS Publishing Coc,1993. axxiv,676p.bNAfPhotocopy aIncludes Index aHumanities & Natural Science aMathematics cBK 001040708HUMaUITUbUITUd2003-01-27eFair Book Centerg395.00l0o515.35 ZILpQ4869r2024-09-25 07:13:39w2024-09-25yBK c7368d7368